Revista de Direito e Polt̕ica

Bibliographic Details
Format: eBook
Language:Portuguese
Published: San Pablo: Letras Jurídicas Editora, 2010 -
Subjects:
Online Access:Acceso restringido

MARC

LEADER 00000nam a22000007a 4500
005 2021020403333.0
007 cr|||| ||||
008 210204c20109999br ar|w s|||| 0|||b1por d
022 |a 1679-2092 
035 |a 32520 
040 |a vLex 
090 |c 11095  |d 11095 
245 0 0 |a Revista de Direito e Polt̕ica  |h [Recurso electrn̤ico] / 
256 |a Servicio en ln̕ea 
260 |a San Pablo:  |b Letras Jurídicas Editora,  |c 2010 - 
300 |a 1 recurso electrn̤ico 
310 |a Anual 
500 |a As indagaė̳s mais instigantes da r̀ea jurd̕ica sempre estiveram relacionadas a temas de natureza eminentemente polt̕ica. At ̌hoje, as anl̀ises que tomaram o Direito como cin̊cia pura, desvinculada das queste̳s socioeconm̥icas que o permeiam e condicionam, s ̤foram t︢eis para justificar sistemas polt̕icos inq̕uos - justamente aqueles que menosprezam valores e princp̕ios como o da dignidade humana, o do devido processo legal e o da legitimidade. O debate jurd̕ico que desconhece a Polt̕ica ,̌ a um s ̤tempo, ingn̊uo e empobrecedor. Por outro lado, o debate polt̕ico que desconhece o Direito ̌autoritr̀io e inq̕uo. A Revista de Direito e Polt̕ica procura equilibrar o debate jurd̕ico e o polt̕ico atravš da divulgaȯ̂ de artigos jurd̕icos, ensaios, crn̥icas e manifestaė̳s literr̀ias. Trata-se de um vec̕ulo editorial eclťico e multidisciplinar a serviȯ da democracia participativa, da justiȧ ambiental, da igualdade de gn̊ero e da cidadania plena. 
506 1 |a Disponible solo en los productos indicados  |d vLex Global  |d vLex Global (Academic Edition, excluding Law Schools)  |d vLex Global (U.S. Academic Edition, Law Schools)  |d vLex Global (U.S. Academic Edition, excluding Law Schools)  |d vLex Global (Academic Edition, Law Schools) 
650 0 4 |a Derecho Pb︢lico y Administrativo  |z Brasil 
740 0 |a vLex Revistas (Servicio en ln̕ea) 
856 4 0 |u http://vlex.com/source/revista-de-direito-e-politica-32520  |z Acceso restringido 
942 |c REV 
999 0 |a Public and Administrative Law